[Event "Barcelona 150 aniversity 2"]
[Site "Barcelona"]
[Date "2019.05.03"]
[Round "2.4"]
[White "Navarro Fornos, Pere Josep"]
[Black "Montserrat Rubia, Angel"]
[Result "1-0"]
[WhiteElo "1613"]
[BlackElo "1639"]
[PlyCount "85"]
[EventDate "2019.04.26"]
[EventType "swiss"]
[EventRounds "9"]
[EventCountry "ESP"]
[SourceTitle "EXT 2024"]
[Source "ChessBase"]
[SourceDate "2023.10.10"]
[SourceVersion "1"]
[SourceVersionDate "2023.10.10"]
[SourceQuality "1"]

1. d4 d5 2. c4 e6 3. Nf3 Nf6 4. g3 c5 5. Bg2 Be7 6. cxd5 exd5 7. 0-0 0-0 8. Bg5 h6 9. Bf4 Nc6 10. a3 c4 11. b4 b5 12. Nc3 a6 13. Ne5 Bb7 14. h4 Nxe5 15. Bxe5 Ng4 16. Bf4 g5 17. e4 Bc8 18. hxg5 Bxg5 19. Nxd5 Be6 20. Nc7 Bd7 21. Nd5 Be6 22. Bf3 h5 23. Bxg5 Qxg5 24. Nf4 Bd7 25. Nh3 Qg7 26. e5 h4 27. Qd2 hxg3 28. Qg5 gxf2+ 29. Rxf2 Nxf2 30. Qxg7+ Kxg7 31. Kxf2 Rad8 32. Rg1+ Kh6 33. Nf4 Rh8 34. d5 Rdg8 35. Re1 Kg5 36. Ke3 f6 37. e6 Be8 38. d6 Kf5 39. d7 Bxd7 40. exd7 Rg7 41. Be4+ Ke5 42. Rd1 Rd8 43. Rd5# 1-0

[Event "Barcelona Tres Peons-A 47th"]
[Site "Barcelona"]
[Date "2018.05.25"]
[Round "5"]
[White "Gallego Montes, Antonio"]
[Black "Navarro Fornos, Pere Josep"]
[Result "1-0"]
[WhiteElo "1815"]
[BlackElo "1764"]
[PlyCount "29"]
[EventDate "2018.04.27"]
[EventType "tourn"]
[EventRounds "9"]
[EventCountry "ESP"]
[SourceTitle "EXT 2024"]
[Source "ChessBase"]
[SourceDate "2023.10.10"]
[SourceVersion "1"]
[SourceVersionDate "2023.10.10"]
[SourceQuality "1"]

1. d4 d5 2. e4 dxe4 3. Nc3 e5 4. Be3 exd4 5. Bxd4 Bb4 6. Bxg7 Qg5 7. Bxh8 f6 8. Qd4 Nc6 9. Qxe4+ Nge7 10. Nf3 Bxc3+ 11. bxc3 Qh6 12. Nd4 Bd7 13. Nxc6 Bxc6 14. Qe6 Rd8 15. Rd1 1-0

[Event "Barcelona Tres Peons-A 47th"]
[Site "Barcelona"]
[Date "2018.05.11"]
[Round "3"]
[White "De Azua Arpi, Rafael"]
[Black "Navarro Fornos, Pere Josep"]
[Result "1-0"]
[WhiteElo "1919"]
[BlackElo "1764"]
[PlyCount "105"]
[EventDate "2018.04.27"]
[EventType "tourn"]
[EventRounds "9"]
[EventCountry "ESP"]
[SourceTitle "EXT 2024"]
[Source "ChessBase"]
[SourceDate "2023.10.10"]
[SourceVersion "1"]
[SourceVersionDate "2023.10.10"]
[SourceQuality "1"]

1. d4 d5 2. c4 e6 3. Nc3 Nf6 4. Nf3 Nc6 5. e3 Be7 6. Be2 0-0 7. 0-0 dxc4 8. Bxc4 Na5 9. Bd3 b6 10. Qe2 a6 11. e4 Nc6 12. Rd1 Nb4 13. Bb1 Bb7 14. a3 Nc6 15. d5 exd5 16. e5 Nd7 17. Nxd5 Na5 18. e6 Bxd5 19. Rxd5 fxe6 20. Qxe6+ Rf7 21. Rxd7 Qf8 22. Rxe7 Qxe7 23. Ba2 Kf8 24. Qxf7+ Qxf7 25. Bxf7 Kxf7 26. Bf4 Rc8 27. Rc1 c5 28. Ne5+ Ke6 29. Rc3 Nc6 30. Nxc6 Rxc6 31. Kf1 b5 32. Ke2 c4 33. b3 Kf5 34. Be3 Ke5 35. bxc4 bxc4 36. f3 Kd5 37. Rc1 Rg6 38. g3 h5 39. Kd2 Rf6 40. f4 Rc6 41. Kc3 Re6 42. Rd1+ Kc6 43. Bd4 Re2 44. Rd2 Rxd2 45. Kxd2 g6 46. Kc3 Kb5 47. Bf6 Kc5 48. h3 Kd5 49. g4 hxg4 50. hxg4 a5 51. a4 Kc5 52. Bd8 Kd5 53. Bxa5 1-0

[Event "Barcelona Tres Peons 47th"]
[Site "Barcelona"]
[Date "2018.02.09"]
[Round "5.6"]
[White "Navarro Fornos, Pere Josep"]
[Black "Vargas Drechsler, Carlos"]
[Result "0-1"]
[WhiteElo "1904"]
[BlackElo "2130"]
[PlyCount "50"]
[EventDate "2018.01.12"]
[EventType "swiss"]
[EventRounds "8"]
[EventCountry "ESP"]
[SourceTitle "EXT 2024"]
[Source "ChessBase"]
[SourceDate "2023.10.10"]
[SourceVersion "1"]
[SourceVersionDate "2023.10.10"]
[SourceQuality "1"]

1. d4 Nf6 2. Nf3 g6 3. c4 Bg7 4. Nc3 0-0 5. e4 d6 6. Be2 e5 7. d5 Bg4 8. 0-0 Na6 9. a3 Nc5 10. Bg5 a5 11. h3 Bd7 12. b4 axb4 13. axb4 Rxa1 14. Qxa1 Na6 15. Qb2 h6 16. Be3 Nh5 17. b5 Nc5 18. Bxc5 dxc5 19. Na4 b6 20. Nxe5 Nf4 21. Bg4 Bxg4 22. hxg4 Qg5 23. Nf3 Qxg4 24. Ne1 Bxb2 25. Nxb2 Ne2+ 0-1

[Event "Martorell op-B"]
[Site "Martorell"]
[Date "1997.??.??"]
[Round "1"]
[White "Navarro Fornos, Pere Josep"]
[Black "Palomo Muriana, Ramon"]
[Result "1/2-1/2"]
[WhiteElo "1920"]
[BlackElo "1820"]
[PlyCount "105"]
[EventDate "1997.09.??"]
[EventType "swiss"]
[EventRounds "8"]
[EventCountry "ESP"]
[SourceTitle "EXT 2003"]
[Source "ChessBase"]
[SourceDate "2002.11.25"]
[SourceVersion "1"]
[SourceVersionDate "2002.11.25"]
[SourceQuality "1"]

1. e4 c5 2. c3 d5 3. exd5 Qxd5 4. Nf3 Nf6 5. d4 e6 6. Be2 Be7 7. c4 Qd8 8. 0-0 0-0 9. Nc3 a6 10. Be3 Qc7 11. Ne5 cxd4 12. Bxd4 Rd8 13. Na4 Nc6 14. Nxc6 Qxc6 15. Bf3 Qxc4 16. Rc1 Qxd4 17. Qxd4 Rxd4 18. Nb6 Rb8 19. Nxc8 Bd8 20. h3 Rd7 21. b4 Bc7 22. Na7 Bb6 23. Nc8 Bc7 24. Na7 Bb6 25. Rc8+ Rxc8 26. Nxc8 Bd8 27. Rc1 Nd5 28. a3 Rc7 29. Rxc7 Bxc7 30. Bxd5 exd5 31. Ne7+ Kf8 32. Nxd5 Be5 33. Kf1 Ke8 34. Ke2 Bb2 35. a4 Kd7 36. Kd3 Kd6 37. Kc4 Be5 38. Nb6 f5 39. Nc8+ Ke6 40. Kc5 Bc7 41. f3 h5 42. Nb6 Bd6+ 43. Kc4 g5 44. Nd5 b5+ 45. axb5 axb5+ 46. Kd4 Be5+ 47. Kc5 Bd6+ 48. Kc6 g4 49. hxg4 hxg4 50. fxg4 fxg4 51. Ne3 Bxb4 52. Kxb5 Bc3 53. Nxg4 1/2-1/2